Harvard business review
Zapisane w:
| Format: | Książka |
|---|---|
| Język: | Undetermined |
| Wydane: |
Boston
Graduate School of Business Administration, Harvard University
2019
|
| Hasła przedmiotowe: | |
| Etykiety: |
Dodaj etykietę
Nie ma etykietki, Dołącz pierwszą etykiete!
|
| Thư viện lưu trữ: | Trung tâm Học liệu Trường Đại học Cần Thơ |
|---|
| LEADER | 00437nam a2200157Ia 4500 | ||
|---|---|---|---|
| 001 | CTU_234239 | ||
| 008 | 210402s9999 xx 000 0 und d | ||
| 082 | |a 382 | ||
| 082 | |b H339 | ||
| 245 | 0 | |a Harvard business review | |
| 260 | |a Boston | ||
| 260 | |b Graduate School of Business Administration, Harvard University | ||
| 260 | |c 2019 | ||
| 650 | |a Business | ||
| 910 | |b vdbang | ||
| 980 | |a Trung tâm Học liệu Trường Đại học Cần Thơ | ||